01490nam a2200337 a 4500001001000000003000500010005001700015008004100032010001100073011001100084040000900095090001000104100003600114245016300150260004100313500006000354502010900414590004000523590004000563650004400603650003900647650005300686650003600739856007000775901000700845942001000852942000600862999001900868952013000887952013501017000114644CHAP20220329144451.0180314s2017 mx sm |||||||spa d a111105 a112077 cCHAP aTesis1 aCrisóstomo Cruz, Juan913487310aEvaluación de dos métodos de aplicación de fluensulfone para el combate de nematodos agalladores en zanahoriah[En línea]cpor Juan Crisóstomo Cruz. aChapingo, Méx. :bEl autor,c2017. aPara ver el contenido del material haga clic en la liga aTesis (Ing. Agr. Esp. en Parasitología Agrícola) -- UACH. Departamento de Parasitología Agrícola aE6339RRRb05c20180314lUCH01h0935 aE6339RRRb05c20180314lUCH01h093714aMeloidogyne incognitaxControl.913197714aNematicidasxAplicación.913480514aZanahoriaxEnfermedades por nemátodos.913487214aZanahoriaxRendimiento.9123601 aFinding aiduhttp://10.13.5.2/tesis/sist114644.pdfzTeclea aquí aBK cLIBRO n0 c111105d111105 00102local4051708TESISaBCbBCcPA_TESISd2018-03-14fTESISl0oTesisp114645-10r2019-12-31 00:00:00w2019-12-31yTESIS 00102local4053708TESISaBCbBCcPA_TESISd2018-03-14fLIBROl0oTesisp114645-20r2019-12-31 00:00:00tc.2w2019-12-31yTESIS